| 000 | 00467nam a2200169 4500 | ||
|---|---|---|---|
| 003 | SEACOMMC | ||
| 005 | 20250426122634.0 | ||
| 008 | 241205b |||||||| |||| 00| 0 eng d | ||
| 020 |
_a978-07-6193-526-1 _cRs.220.00 |
||
| 040 | _aSEACOMMC | ||
| 082 |
_a808.066 _b M 984 |
||
| 100 | _a Murthy, Vasudev | ||
| 245 | 1 |
_aEffective Proposal Writing _c Vasudev Murthy |
|
| 260 |
_a New Delhi _b Response Books _c 2006 |
||
| 650 | _aProposal Writing in Business | ||
| 942 | _cBOOK | ||
| 999 |
_c829 _d829 |
||